00536nam a2200169Ia 4500003000900000008004100009040001600050080002100066110003300087245009200120260005000212300000900262500001900271650003700290650001800327650002100345IN-BaIIA211028s9999 xx 000 0 eng d cIIA Library a083.7:698.3bISI aIndian Standards Institution 0aIndian standard code of practice for glazing in buildingscIndian Standards Institution aNew DelhibIndian Standards Institutionc1966 a16p. aIS 3548 : 1966 a Glazing in Buildings-Standards a Standards  aNASA Thesaurus